[Event "GER-chT U20"]
[Site "Osnabrueck"]
[Date "2013.12.29"]
[Round "6.4"]
[White "Rethmann, Kristin"]
[Black "Wanner, Lukas"]
[Result "1/2-1/2"]
[WhiteElo "1853"]
[BlackElo "1790"]
[PlyCount "41"]
[EventDate "2013.12.27"]
[EventType "team-swiss"]
[EventRounds "7"]
[EventCountry "GER"]
[SourceTitle "EXT 2015"]
[Source "ChessBase"]
[SourceDate "2014.11.20"]
[SourceVersion "1"]
[SourceVersionDate "2014.11.20"]
[SourceQuality "1"]
[WhiteTeam "Hagen"]
[BlackTeam "Kiel Doppelbauer"]
[WhiteTeamCountry "GER"]
[BlackTeamCountry "GER"]

1. e4 c5 2. Nf3 d6 3. d4 cxd4 4. Nxd4 Nf6 5. Nc3 g6 6. f3 Bg7 7. Be3 0-0 8. Qd2 Nc6 9. 0-0-0 Bd7 10. h4 h5 11. Be2 Ne5 12. Bh6 Rc8 13. Bxg7 Kxg7 14. Kb1 a6 15. Rhg1 b5 16. Nd5 Nxd5 17. exd5 Nc4 18. Bxc4 Rxc4 19. g4 hxg4 20. fxg4 Qb6 21. h5 1/2-1/2

[Event "GER-chT U20"]
[Site "Osnabrueck"]
[Date "2011.12.28"]
[Round "4.5"]
[White "Rethmann, Kristin"]
[Black "Hoffmann, Sascha"]
[Result "1/2-1/2"]
[WhiteElo "1799"]
[BlackElo "1685"]
[PlyCount "88"]
[EventDate "2011.12.27"]
[EventType "team-swiss"]
[EventRounds "7"]
[EventCountry "GER"]
[SourceTitle "CBM 146 Extra"]
[Source "ChessBase"]
[SourceDate "2012.02.29"]
[SourceVersion "1"]
[SourceVersionDate "2012.02.29"]
[SourceQuality "1"]
[WhiteTeam "Hagen"]
[BlackTeam "Erfurt"]
[WhiteTeamCountry "GER"]
[BlackTeamCountry "GER"]

1. e4 c5 2. Nf3 Nc6 3. d4 cxd4 4. Nxd4 g6 5. c4 Bg7 6. Be3 Nf6 7. Nc3 0-0 8. Be2 d6 9. 0-0 Bd7 10. Qd2 a6 11. Rac1 Ne5 12. f3 Rc8 13. b3 Rc7 14. Nc2 Qb8 15. Nb4 Be6 16. Kh1 Ned7 17. Rc2 Rfc8 18. Rfc1 a5 19. Nbd5 Bxd5 20. cxd5 b6 21. Bb5 Nc5 22. Ne2 Nfd7 23. Nd4 Ne5 24. a3 a4 25. b4 Nb3 26. Nxb3 axb3 27. Rxc7 Rxc7 28. Bd4 Nxf3 29. gxf3 Rxc1+ 30. Qxc1 Bxd4 31. Bd3 Qa7 32. Qc4 Bb2 33. Qxb3 Qxa3 34. Qxa3 Bxa3 35. b5 Kg7 36. Kg2 Kf6 37. f4 Bc1 38. Kf3 h6 39. Bf1 g5 40. f5 e6 41. fxe6 fxe6 42. dxe6 Kxe6 43. Kg4 Ke5 44. Bg2 Kf6 1/2-1/2

[Event "GER-chT Lands U21"]
[Site "Xanten"]
[Date "2011.11.02"]
[Round "5.6"]
[White "Kuehnel, Lena"]
[Black "Rethmann, Kristin"]
[Result "1/2-1/2"]
[WhiteElo "1919"]
[BlackElo "1858"]
[PlyCount "63"]
[EventDate "2011.10.31"]
[EventType "team-swiss"]
[EventRounds "7"]
[EventCountry "GER"]
[SourceTitle "EXT 2022"]
[Source "ChessBase"]
[SourceDate "2021.10.06"]
[SourceVersion "1"]
[SourceVersionDate "2021.10.06"]
[SourceQuality "1"]
[WhiteTeam "Baden U21"]
[BlackTeam "Niedersachsen U21"]
[WhiteTeamCountry "GER"]
[BlackTeamCountry "GER"]

1. e4 Nf6 2. e5 Nd5 3. d4 d6 4. Nf3 dxe5 5. Nxe5 c6 6. Bd3 Nd7 7. 0-0 Nxe5 8. dxe5 g6 9. Qe2 Bg7 10. f4 Qc7 11. Nd2 0-0 12. Ne4 Bf5 13. Kh1 Rad8 14. Bd2 c5 15. c4 Nb4 16. Bxb4 cxb4 17. Rad1 Rd4 18. b3 Rfd8 19. Bc2 Bxe4 20. Bxe4 Rxd1 21. Rxd1 Rxd1+ 22. Qxd1 b6 23. Qd5 e6 24. Qd4 Bf8 25. g3 Qc5 26. Qxc5 Bxc5 27. Kg2 h5 28. Kf3 a5 29. Bc6 Kg7 30. Bd7 Bd4 31. h4 Kf8 32. Bc6 1/2-1/2

[Event "GER-chT Lands U21"]
[Site "Xanten"]
[Date "2011.11.01"]
[Round "4.6"]
[White "Rethmann, Kristin"]
[Black "Schwarz, Larissa"]
[Result "0-1"]
[WhiteElo "1858"]
[BlackElo "1764"]
[PlyCount "100"]
[EventDate "2011.10.31"]
[EventType "team-swiss"]
[EventRounds "7"]
[EventCountry "GER"]
[SourceTitle "EXT 2022"]
[Source "ChessBase"]
[SourceDate "2021.10.06"]
[SourceVersion "1"]
[SourceVersionDate "2021.10.06"]
[SourceQuality "1"]
[WhiteTeam "Niedersachsen U21"]
[BlackTeam "Rheinland Pfalz U21"]
[WhiteTeamCountry "GER"]
[BlackTeamCountry "GER"]

1. e4 c5 2. Nf3 e6 3. d4 cxd4 4. Nxd4 a6 5. Bd3 Qc7 6. 0-0 Nf6 7. Nc3 b5 8. a4 b4 9. Na2 Be7 10. Kh1 Bb7 11. Qe2 Nc6 12. Nb3 d5 13. exd5 Nxd5 14. Bd2 Bd6 15. Qg4 Be5 16. c3 bxc3 17. Nxc3 Nxc3 18. Bxc3 Bxc3 19. bxc3 0-0 20. f4 Ne7 21. Rac1 Nd5 22. Qh4 h6 23. Rf3 Qd8 24. Qxd8 Rfxd8 25. Na5 Rd7 26. Nxb7 Rxb7 27. c4 Rc7 28. c5 Nb4 29. Bb1 Rac8 30. Rfc3 Nd5 31. R3c2 Nxf4 32. Rc4 Nd5 33. a5 Rb8 34. c6 Rb5 35. Rc5 Rxc5 36. Rxc5 Ne7 37. Be4 f5 38. Bf3 Kf7 39. h3 Kf6 40. g4 g6 41. Kg2 e5 42. gxf5 gxf5 43. Kg3 e4 44. Be2 Rxc6 45. Rxc6+ Nxc6 46. Bxa6 Nxa5 47. Kf4 Nc6 48. h4 Ne7 49. Bb7 Ng6+ 50. Kg3 Ke5 0-1

[Event "GER-chT Lands U21"]
[Site "Xanten"]
[Date "2011.11.01"]
[Round "3.6"]
[White "Wanner, Lukas"]
[Black "Rethmann, Kristin"]
[Result "1-0"]
[WhiteElo "1667"]
[BlackElo "1858"]
[PlyCount "82"]
[EventDate "2011.10.31"]
[EventType "team-swiss"]
[EventRounds "7"]
[EventCountry "GER"]
[SourceTitle "EXT 2022"]
[Source "ChessBase"]
[SourceDate "2021.10.06"]
[SourceVersion "1"]
[SourceVersionDate "2021.10.06"]
[SourceQuality "1"]
[WhiteTeam "Schleswig Holstein/NDS U21"]
[BlackTeam "Niedersachsen U21"]
[WhiteTeamCountry "GER"]
[BlackTeamCountry "GER"]

1. e4 Nf6 2. Nc3 d5 3. exd5 Nxd5 4. d4 Bf5 5. Bd3 Bxd3 6. Qxd3 c6 7. Nf3 e6 8. 0-0 Nd7 9. Nxd5 cxd5 10. Ne5 Be7 11. f4 0-0 12. Rf3 Nf6 13. c3 Ne4 14. Be3 f5 15. Qe2 Rc8 16. Rh3 Qe8 17. g4 Bd6 18. g5 Bxe5 19. dxe5 a6 20. Rc1 b5 21. Bd4 Rf7 22. Rf3 Rfc7 23. b4 Rc4 24. Rb1 Nxc3 25. Bxc3 Rxc3 26. Rf2 R8c4 27. Rb2 Qc6 28. Qd2 Qb6 29. Kf1 Qd4 30. a4 Qxd2 31. Rbxd2 Rxb4 32. axb5 Rxb5 33. Rc2 d4 34. Rb2 Kf7 35. Rxb5 axb5 36. Ra2 Rf3+ 37. Rf2 Rxf2+ 38. Kxf2 b4 39. Ke2 Kg6 40. Kd3 b3 41. Kd2 Kh5 1-0

[Event "GER-ch U16 Girls"]
[Site "Oberhof"]
[Date "2011.06.17"]
[Round "8"]
[White "Kuehnel, Lena"]
[Black "Rethmann, Kristin"]
[Result "0-1"]
[WhiteElo "1893"]
[BlackElo "1780"]
[PlyCount "52"]
[EventDate "2011.06.11"]
[EventType "swiss"]
[EventRounds "9"]
[EventCountry "GER"]
[SourceTitle "CBM 142 Extra"]
[Source "ChessBase"]
[SourceDate "2011.06.27"]
[SourceVersion "1"]
[SourceVersionDate "2011.06.27"]
[SourceQuality "1"]

1. d4 Nf6 2. c4 e6 3. Nc3 Bb4 4. Qc2 b6 5. Bg5 Bb7 6. f3 d5 7. e3 Nbd7 8. Bd3 c5 9. Nge2 Rc8 10. b3 cxd4 11. exd4 Ba6 12. cxd5 Bxd3 13. Qxd3 exd5 14. 0-0 Be7 15. Rfe1 0-0 16. Bf4 Nb8 17. Ng3 Bb4 18. Rac1 Re8 19. Rxe8+ Qxe8 20. Bg5 Rxc3 21. Rxc3 Qe1+ 22. Nf1 Qxc3 23. Qf5 Qxd4+ 24. Be3 Qc3 25. Qf4 Nbd7 26. Bd4 Qxd4+ 0-1

[Event "GER-ch U16 Girls"]
[Site "Oberhof"]
[Date "2011.06.15"]
[Round "6"]
[White "Rethmann, Kristin"]
[Black "Pohl, Theresa"]
[Result "0-1"]
[WhiteElo "1780"]
[BlackElo "1870"]
[PlyCount "80"]
[EventDate "2011.06.11"]
[EventType "swiss"]
[EventRounds "9"]
[EventCountry "GER"]
[SourceTitle "CBM 142 Extra"]
[Source "ChessBase"]
[SourceDate "2011.06.27"]
[SourceVersion "1"]
[SourceVersionDate "2011.06.27"]
[SourceQuality "1"]

1. e4 g6 2. d4 Bg7 3. Nc3 d6 4. Be3 Nd7 5. Qd2 c6 6. f3 Ngf6 7. Nge2 e5 8. 0-0-0 0-0 9. Bh6 b5 10. dxe5 dxe5 11. Ng3 b4 12. Nce2 Qa5 13. Kb1 Nb6 14. Bxg7 Kxg7 15. Nc1 Na4 16. Nb3 Qb6 17. h4 h5 18. Bc4 a5 19. Nf1 Bd7 20. Ne3 Rad8 21. Qe2 Qa7 22. Rd2 Nb6 23. Rhd1 Nxc4 24. Nxc4 a4 25. Nc1 Rde8 26. Nd3 c5 27. Qf2 Bb5 28. Nd6 Rb8 29. Nxb5 Rxb5 30. Nxe5 a3 31. b3 Qc7 32. Nc4 Rbb8 33. Qe3 Rbd8 34. e5 Ng8 35. Nd6 Ne7 36. Qe4 Nc6 37. Rd3 Nd4 38. f4 Qe7 39. g3 Rxd6 40. Re1 Rdd8 0-1

[Event "GER-ch U16 Girls"]
[Site "Oberhof"]
[Date "2011.06.14"]
[Round "4"]
[White "Berger, Nadja"]
[Black "Rethmann, Kristin"]
[Result "0-1"]
[WhiteElo "1730"]
[BlackElo "1780"]
[PlyCount "80"]
[EventDate "2011.06.11"]
[EventType "swiss"]
[EventRounds "9"]
[EventCountry "GER"]
[SourceTitle "CBM 142 Extra"]
[Source "ChessBase"]
[SourceDate "2011.06.27"]
[SourceVersion "1"]
[SourceVersionDate "2011.06.27"]
[SourceQuality "1"]

1. e4 d6 2. d4 Nf6 3. Nc3 e5 4. dxe5 dxe5 5. Qxd8+ Kxd8 6. Bg5 Be6 7. 0-0-0+ Nbd7 8. Nf3 Bd6 9. Bb5 Kc8 10. h3 a6 11. Bxd7+ Nxd7 12. Nd5 f6 13. Be3 b5 14. Rd3 f5 15. Ng5 Bxd5 16. Rxd5 Nf6 17. Rdd1 Nxe4 18. Nxe4 fxe4 19. Rd5 Kd7 20. Rhd1 Ke6 21. Bc5 Rad8 22. c3 Rd7 23. a4 Rhd8 24. Be3 c6 25. R5d2 Be7 26. Rxd7 Rxd7 27. axb5 Rxd1+ 28. Kxd1 cxb5 29. Kc2 Kd5 30. Bb6 Bc5 31. Bxc5 Kxc5 32. g4 g5 33. Kb3 a5 34. Kc2 Kd5 35. Kd2 a4 36. Kd1 Kc4 37. Kc2 h6 38. Kd2 Kb3 39. Kc1 a3 40. bxa3 Kxc3 0-1

[Event "GER-ch U16 Girls"]
[Site "Oberhof"]
[Date "2011.06.14"]
[Round "5"]
[White "Rethmann, Kristin"]
[Black "Kuckling, Hannah"]
[Result "1-0"]
[WhiteElo "1780"]
[BlackElo "1775"]
[PlyCount "61"]
[EventDate "2011.06.11"]
[EventType "swiss"]
[EventRounds "9"]
[EventCountry "GER"]
[SourceTitle "CBM 142 Extra"]
[Source "ChessBase"]
[SourceDate "2011.06.27"]
[SourceVersion "1"]
[SourceVersionDate "2011.06.27"]
[SourceQuality "1"]

1. e4 c5 2. Nf3 e6 3. d4 cxd4 4. Nxd4 Nc6 5. Nc3 Qc7 6. Be3 a6 7. Bd3 b5 8. 0-0 Bb7 9. f4 Nxd4 10. Bxd4 Bc5 11. Bxc5 Qxc5+ 12. Kh1 Nf6 13. e5 Nd5 14. Ne4 Qc6 15. Nd6+ Ke7 16. Be4 Qb6 17. Qh5 Raf8 18. Qg5+ f6 19. Qxg7+ Kd8 20. Nf7+ Rxf7 21. Qxf7 Kc7 22. Bxd5 Bxd5 23. Qg7 Qb8 24. Rf2 Qa8 25. Rg1 f5 26. h3 Rg8 27. Qe7 Qa7 28. Rd2 Qe3 29. Rxd5 exd5 30. Qd6+ Kb7 31. Qxd5+ 1-0

[Event "GER-ch U16 Girls"]
[Site "Oberhof"]
[Date "2011.06.12"]
[Round "1"]
[White "Rethmann, Kristin"]
[Black "Serif, Amelie"]
[Result "0-1"]
[WhiteElo "1780"]
[BlackElo "1475"]
[PlyCount "114"]
[EventDate "2011.06.11"]
[EventType "swiss"]
[EventRounds "9"]
[EventCountry "GER"]
[SourceTitle "CBM 142 Extra"]
[Source "ChessBase"]
[SourceDate "2011.06.27"]
[SourceVersion "1"]
[SourceVersionDate "2011.06.27"]
[SourceQuality "1"]

1. e4 c5 2. Nf3 g6 3. d4 Bg7 4. dxc5 Na6 5. Bxa6 Qa5+ 6. c3 Qxa6 7. Nd4 b6 8. cxb6 Qxb6 9. 0-0 Bb7 10. Re1 Nf6 11. Nd2 0-0 12. Kh1 e5 13. N4b3 Qxf2 14. Qe2 Qb6 15. Qe3 Qxe3 16. Rxe3 Bh6 17. Re1 Rfe8 18. Nc5 Bc6 19. Nc4 Bxc1 20. Raxc1 Rab8 21. b3 Bb5 22. Nd6 Re7 23. c4 Bc6 24. Rb1 Ne8 25. Red1 Nxd6 26. Rxd6 Rd8 27. b4 Ba8 28. Rbd1 Rb8 29. a3 f5 30. Rxd7 Rxd7 31. Nxd7 Rc8 32. c5 fxe4 33. Nxe5 Re8 34. Ng4 Kf7 35. Rd6 e3 36. Rd1 h5 37. Nh6+ Kg7 38. Kg1 Kxh6 39. Re1 Bc6 40. h3 Bb5 41. Kh2 e2 42. Kg3 Rf8 43. c6 Rc8 44. a4 Bxa4 45. Rxe2 Rxc6 46. Ra2 Ra6 47. h4 Bb5 48. Rd2 Ra3+ 49. Kf4 Rb3 50. Rd4 Rb2 51. g4 hxg4 52. Kxg4 Rc2 53. h5 gxh5+ 54. Kf5 Rf2+ 55. Ke4 a6 56. Rd6+ Kg5 57. Rd8 Rf4+ 0-1

[Event "Niedersachsen-ch op"]
[Site "Verden"]
[Date "2011.01.03"]
[Round "3"]
[White "Rethmann, Kristin"]
[Black "Pollmann, Sascha"]
[Result "1/2-1/2"]
[WhiteElo "1774"]
[BlackElo "2014"]
[PlyCount "157"]
[EventDate "2011.01.02"]
[EventType "swiss"]
[EventRounds "7"]
[EventCountry "GER"]
[SourceTitle "EXT 2018"]
[Source "ChessBase"]
[SourceDate "2017.10.13"]
[SourceVersion "1"]
[SourceVersionDate "2017.10.13"]
[SourceQuality "1"]

1. e4 e6 2. d4 d5 3. Bd3 c5 4. exd5 exd5 5. dxc5 Bxc5 6. c3 Nf6 7. Nf3 0-0 8. 0-0 Nc6 9. Bf4 Bg4 10. Nbd2 Bb6 11. Nb3 Re8 12. Bc2 Ne4 13. Qd3 Bf5 14. Qd1 Bg6 15. Nbd4 Qf6 16. Be3 Rad8 17. Re1 h6 18. Bb3 Na5 19. Nd2 Nxb3 20. N2xb3 Nd6 21. Nd2 Nc4 22. Nxc4 dxc4 23. Qa4 Rc8 24. Qd7 Be4 25. Qg4 Qg6 26. Qxg6 Bxg6 27. Rad1 Re7 28. f3 Rce8 29. Bf2 Rxe1+ 30. Rxe1 Rxe1+ 31. Bxe1 Bb1 32. a3 Kf8 33. Bg3 Ke7 34. Kf1 Bd3+ 35. Ke1 g5 36. f4 g4 37. Bf2 Bc7 38. g3 a6 39. Kd2 h5 40. Ke3 Kd6 41. Kd2 Kd5 42. Ke3 Bb1 43. Bg1 Bd8 44. Bf2 b5 45. Be1 Bb6 46. Bd2 Bc5 47. Bc1 Be7 48. Bd2 h4 49. Be1 h3 50. Bd2 Bc5 51. Be1 a5 52. Bd2 b4 53. axb4 axb4 54. Bc1 Bh7 55. Bd2 Bg6 56. Bc1 Bxd4+ 57. cxd4 c3 58. bxc3 bxc3 59. Ke2 Kxd4 60. Kd1 Kd3 61. Ba3 Be4 62. Bb4 c2+ 63. Kc1 Ke2 64. Ba3 Kf1 65. Kd2 Kg2 66. Ke1 Kf3 67. Kd2 Kf2 68. Bc1 Bc6 69. Bb2 Kf3 70. Ba3 Bd5 71. Bc1 Ba2 72. Ba3 Bb1 73. Bc1 Ke4 74. Kc3 Kf3 75. Kd2 Ba2 76. Bb2 Bc4 77. Bc1 Be2 78. Ke1 Bd1 79. Kd2 1/2-1/2

[Event "Niedersachsen-ch op"]
[Site "Verden"]
[Date "2011.01.02"]
[Round "2"]
[White "Bauland, Thomas"]
[Black "Rethmann, Kristin"]
[Result "0-1"]
[WhiteElo "1960"]
[BlackElo "1774"]
[PlyCount "88"]
[EventDate "2011.01.02"]
[EventType "swiss"]
[EventRounds "7"]
[EventCountry "GER"]
[SourceTitle "EXT 2018"]
[Source "ChessBase"]
[SourceDate "2017.10.13"]
[SourceVersion "1"]
[SourceVersionDate "2017.10.13"]
[SourceQuality "1"]

1. Nc3 Nf6 2. Nf3 e6 3. e4 d5 4. e5 Nfd7 5. d4 c5 6. Bg5 Qb6 7. Bb5 Nc6 8. dxc5 Bxc5 9. 0-0 0-0 10. Bxc6 bxc6 11. Na4 Qb4 12. Nxc5 Qxc5 13. Re1 Rb8 14. b3 Qa5 15. Be7 Re8 16. Bd6 Rb7 17. Ng5 h6 18. Nxf7 Nb6 19. Nxh6+ gxh6 20. Qh5 Rd8 21. Qxh6 Rg7 22. Re3 Qd2 23. Qh4 Rdd7 24. Rh3 Rh7 25. Rg3+ Rhg7 26. Rxg7+ Rxg7 27. Bc5 Qc3 28. Bd4 Qxc2 29. Bxb6 axb6 30. Qd8+ Kh7 31. Qxc8 d4 32. Qxe6 d3 33. Qf5+ Kh8 34. e6 Qe2 35. Qf8+ Kh7 36. Qf5+ Kg8 37. Rf1 d2 38. Qc2 Rg4 39. h3 Re4 40. Rd1 Qxd1+ 41. Qxd1 Re1+ 42. Kh2 Rxd1 43. e7 Re1 44. e8Q+ Rxe8 0-1

[Event "GER-chT U20"]
[Site "Osnabrueck"]
[Date "2010.12.28"]
[Round "4.5"]
[White "Rethmann, Kristin"]
[Black "Nieke, Gottfried"]
[Result "1/2-1/2"]
[WhiteElo "1716"]
[BlackElo "1430"]
[PlyCount "63"]
[EventDate "2010.12.27"]
[EventType "team-swiss"]
[EventRounds "7"]
[EventCountry "GER"]
[SourceTitle "CBM 140 Extra"]
[Source "ChessBase"]
[SourceDate "2011.03.01"]
[SourceVersion "1"]
[SourceVersionDate "2011.03.01"]
[SourceQuality "1"]
[WhiteTeam "Hagen"]
[BlackTeam "Dresden USV"]
[WhiteTeamCountry "GER"]
[BlackTeamCountry "GER"]

1. e4 c5 2. Nf3 a6 3. d4 cxd4 4. Nxd4 e6 5. c4 Nf6 6. f3 Qc7 7. Be3 Be7 8. Nc3 Nc6 9. Be2 d6 10. Qd2 Bd7 11. 0-0 0-0 12. b3 Rac8 13. Rac1 Qb8 14. f4 Na7 15. a4 Bc6 16. Qd3 Nd7 17. f5 Ne5 18. Qd2 Bd7 19. Qe1 Kh8 20. Qg3 Nac6 21. Nc2 Bf6 22. Bg5 Bxg5 23. Qxg5 Qa7+ 24. Kh1 Nd4 25. f6 Rg8 26. Nxd4 Qxd4 27. Rfd1 Qb6 28. Rb1 Rc6 29. fxg7+ Rxg7 30. Qf6 Qe3 31. Qd8+ Rg8 32. Qf6+ 1/2-1/2

[Event "GER-chT U20"]
[Site "Osnabrueck"]
[Date "2010.12.27"]
[Round "1.5"]
[White "Kreyssig, Robert"]
[Black "Rethmann, Kristin"]
[Result "1/2-1/2"]
[WhiteElo "1791"]
[BlackElo "1716"]
[PlyCount "87"]
[EventDate "2010.12.27"]
[EventType "team-swiss"]
[EventRounds "7"]
[EventCountry "GER"]
[SourceTitle "CBM 140 Extra"]
[Source "ChessBase"]
[SourceDate "2011.03.01"]
[SourceVersion "1"]
[SourceVersionDate "2011.03.01"]
[SourceQuality "1"]
[WhiteTeam "Leipzig Gohlis"]
[BlackTeam "Hagen"]
[WhiteTeamCountry "GER"]
[BlackTeamCountry "GER"]

1. d4 Nf6 2. c4 e6 3. Nf3 b6 4. a3 Bb7 5. Nc3 Be7 6. d5 exd5 7. cxd5 0-0 8. e4 d6 9. Bb5 Nbd7 10. 0-0 Qc8 11. Nd4 a6 12. Bc6 Bxc6 13. Nxc6 Re8 14. Bf4 Bf8 15. Re1 Ne5 16. Bxe5 dxe5 17. Rc1 Ng4 18. h3 Nh6 19. Qc2 Bd6 20. b4 Qd7 21. f4 f6 22. f5 Nf7 23. Qb3 Bf8 24. Ne2 Nd6 25. Ng3 Qf7 26. Qf3 Nb7 27. Kh2 a5 28. bxa5 Nxa5 29. Nxa5 Rxa5 30. Rc3 Rea8 31. Ree3 Bc5 32. Red3 Qe7 33. Nh5 Rxa3 34. Qg4 Rxc3 35. Rxc3 Ra3 36. Qg3 Rxc3 37. Qxc3 b5 38. Qb3 Qd7 39. d6+ Kf8 40. dxc7 b4 41. Qd5 Qxc7 42. Qa8+ Kf7 43. Qd5+ Kf8 44. Qa8+ 1/2-1/2

[Event "GER-chT U20"]
[Site "Osnabrueck"]
[Date "2010.12.27"]
[Round "2.5"]
[White "Rethmann, Kristin"]
[Black "Kolb, Niklas"]
[Result "0-1"]
[WhiteElo "1716"]
[BlackElo "1634"]
[PlyCount "78"]
[EventDate "2010.12.27"]
[EventType "team-swiss"]
[EventRounds "7"]
[EventCountry "GER"]
[SourceTitle "CBM 140 Extra"]
[Source "ChessBase"]
[SourceDate "2011.03.01"]
[SourceVersion "1"]
[SourceVersionDate "2011.03.01"]
[SourceQuality "1"]
[WhiteTeam "Hagen"]
[BlackTeam "Gruendau"]
[WhiteTeamCountry "GER"]
[BlackTeamCountry "GER"]

1. e4 e5 2. Bc4 Nc6 3. d3 h6 4. Nf3 d6 5. c3 Bg4 6. Bb3 Be7 7. Nbd2 Nf6 8. h3 Bh5 9. Nf1 Qd7 10. Ng3 Bg6 11. 0-0 0-0-0 12. Be3 Nh5 13. Bd5 a6 14. Nd2 Nxg3 15. fxg3 Rdf8 16. b4 f5 17. Qb3 Nd8 18. a4 Bg5 19. Bxg5 hxg5 20. b5 a5 21. b6 c6 22. Bc4 g4 23. hxg4 f4 24. gxf4 exf4 25. Qa3 Rh4 26. Nb3 Rxg4 27. Rf3 Bh5 28. Raf1 Rh4 29. R3f2 f3 30. Qa2 Rh8 31. Rc2 Bg4 32. Nd4 Rh1+ 33. Kf2 fxg2 34. Rg1 Rf8+ 35. Kxg2 Bf3+ 36. Nxf3 Qh3+ 37. Kf2 Qxf3+ 38. Ke1 Rxg1+ 39. Kd2 Qf2# 0-1

[Event "GER-chT Federal Cup (Women)"]
[Site "Braunfels"]
[Date "2010.06.03"]
[Round "1"]
[White "Alt, Barbara"]
[Black "Rethmann, Kristin"]
[Result "0-1"]
[WhiteElo "1182"]
[BlackElo "1782"]
[PlyCount "56"]
[EventDate "2010.06.03"]
[EventType "team-swiss"]
[EventRounds "5"]
[EventCountry "GER"]
[SourceTitle "CBM 136 Extra"]
[Source "ChessBase"]
[SourceDate "2010.07.02"]
[SourceVersion "2"]
[SourceVersionDate "2010.07.15"]
[SourceQuality "1"]

1. e4 d5 2. exd5 Qxd5 3. Nc3 Qa5 4. d4 Nf6 5. Nf3 Bg4 6. Bd2 Qb6 7. Be2 e6 8. 0-0 Bb4 9. a3 Be7 10. Re1 0-0 11. Ne5 Bxe2 12. Qxe2 Qxd4 13. Nb5 Qd8 14. Rad1 Nbd7 15. Bf4 c6 16. Nxd7 Nxd7 17. Nd6 Bxd6 18. Bxd6 Re8 19. h4 Qxh4 20. Bg3 Qe7 21. Bd6 Qf6 22. b4 Nb6 23. Be5 Qg5 24. Rd3 f6 25. Rg3 Qxe5 26. Re3 Qb5 27. Qg4 e5 28. f4 Qc4 0-1

[Event "GER-ch U16 Girls"]
[Site "Oberhof"]
[Date "2010.05.27"]
[Round "7"]
[White "Harder, Anne"]
[Black "Rethmann, Kristin"]
[Result "1/2-1/2"]
[WhiteElo "1719"]
[BlackElo "1782"]
[PlyCount "172"]
[EventDate "2010.05.22"]
[EventType "swiss"]
[EventRounds "9"]
[EventCountry "GER"]
[SourceTitle "CBM 136 Extra"]
[Source "ChessBase"]
[SourceDate "2010.07.02"]
[SourceVersion "2"]
[SourceVersionDate "2010.07.15"]
[SourceQuality "1"]

1. e4 d5 2. exd5 Qxd5 3. Nc3 Qa5 4. Bc4 Nf6 5. d3 c6 6. Bd2 Qc7 7. Qe2 Bg4 8. f3 Bh5 9. g4 Bg6 10. f4 h6 11. f5 Bh7 12. 0-0-0 g6 13. g5 hxg5 14. Bxg5 Nbd7 15. Bxf7+ Kxf7 16. Qe6+ Kg7 17. fxg6 Bxg6 18. Nf3 Qd6 19. Qe2 Bh5 20. Rdg1 Kf7 21. Qf2 Bg7 22. Nd4 Bg6 23. h4 Bh6 24. Re1 Qc5 25. Qe3 Bf8 26. Qe6+ Kg7 27. Nf3 Qf5 28. Qe2 Re8 29. Nd4 Qg4 30. Ne6+ Kg8 31. Qe3 Qh5 32. Qxa7 Rb8 33. Qe3 Bh6 34. Nf4 Bxg5 35. hxg5 Qxg5 36. Rxh8+ Kxh8 37. Nxg6+ Qxg6 38. Rh1+ Nh7 39. Qxe7 Ndf6 40. Qe5 Re8 41. Qf4 Kg8 42. Kd1 Qg4+ 43. Qxg4+ Nxg4 44. Rg1 Nhf6 45. Ne4 Kf8 46. Nd6 Re7 47. Kd2 Rd7 48. Nc4 Ke7 49. Re1+ Kd8 50. c3 Kc7 51. a4 Nd5 52. b4 Nb6 53. Nxb6 Kxb6 54. c4 Nf2 55. Re3 Ng4 56. Re4 Nf6 57. Rf4 Ne8 58. Kc3 Rh7 59. Rf3 Rh1 60. d4 Rc1+ 61. Kb3 Rd1 62. Kc3 Nc7 63. Rf6 Ka7 64. Rg6 Na8 65. a5 Nc7 66. Rd6 Rc1+ 67. Kb3 Rb1+ 68. Kc3 Na6 69. d5 Nxb4 70. Rd7 cxd5 71. cxd5 Na6 72. Kc4 Rb4+ 73. Kc3 Ra4 74. d6 Rxa5 75. Rd8 Rd5 76. Kc4 Rd1 77. Kb5 Nb8 78. Kc5 b6+ 79. Kb5 Kb7 80. Kc4 Rd2 81. Kc3 Rf2 82. d7 Rf3+ 83. Kc2 Rf2+ 84. Kc3 Nc6 85. Rc8 Rf3+ 86. Kc2 Rf7 1/2-1/2

[Event "GER-ch U16 Girls"]
[Site "Oberhof"]
[Date "2010.05.26"]
[Round "6"]
[White "Rethmann, Kristin"]
[Black "Bruehan, Caren"]
[Result "1-0"]
[WhiteElo "1782"]
[BlackElo "1458"]
[PlyCount "76"]
[EventDate "2010.05.22"]
[EventType "swiss"]
[EventRounds "9"]
[EventCountry "GER"]
[SourceTitle "CBM 136 Extra"]
[Source "ChessBase"]
[SourceDate "2010.07.02"]
[SourceVersion "2"]
[SourceVersionDate "2010.07.15"]
[SourceQuality "1"]

1. e4 c5 2. Nf3 Nc6 3. d4 cxd4 4. Nxd4 g6 5. c4 Bg7 6. Be3 Qb6 7. Nb5 Qa5+ 8. N1c3 Nf6 9. Qd2 0-0 10. Be2 d6 11. 0-0 Be6 12. Rac1 Rac8 13. b3 a6 14. Nd4 Nxd4 15. Qxd4 Ng4 16. Qd2 Nxe3 17. fxe3 b5 18. Nb1 Qxd2 19. Nxd2 bxc4 20. Nxc4 Rc5 21. Rc2 Rfc8 22. Rfc1 Bh6 23. Kf2 R8c7 24. Na3 Rxc2 25. Rxc2 Rxc2 26. Nxc2 Bc8 27. Nb4 a5 28. Nc6 Bb7 29. Nxa5 Bxe4 30. a4 Bg7 31. Bd1 Bc3 32. Nc4 d5 33. Na3 Kf8 34. Bc2 f5 35. Bxe4 fxe4 36. Nb5 Ba5 37. Nd4 e5 38. Nc6 Ke8 1-0

[Event "GER-ch U16 Girls"]
[Site "Oberhof"]
[Date "2010.05.24"]
[Round "3"]
[White "Rosenfeld, Elisabeth"]
[Black "Rethmann, Kristin"]
[Result "0-1"]
[WhiteElo "1601"]
[BlackElo "1782"]
[PlyCount "124"]
[EventDate "2010.05.22"]
[EventType "swiss"]
[EventRounds "9"]
[EventCountry "GER"]
[SourceTitle "CBM 136 Extra"]
[Source "ChessBase"]
[SourceDate "2010.07.02"]
[SourceVersion "2"]
[SourceVersionDate "2010.07.15"]
[SourceQuality "1"]

1. e4 d5 2. exd5 Qxd5 3. Nc3 Qa5 4. d4 Nf6 5. Bd3 Nc6 6. Nge2 Bg4 7. f3 Bh5 8. Bd2 Nb4 9. Bc4 Bg6 10. Rc1 Qb6 11. 0-0 0-0-0 12. Na4 Qc6 13. Bb3 e6 14. a3 Nbd5 15. c4 Nb6 16. Nxb6+ Qxb6 17. c5 Qa6 18. Bc4 Qc6 19. a4 Qd7 20. b4 h5 21. b5 Bxc5 22. dxc5 Qxd2 23. Qxd2 Rxd2 24. Nf4 Bf5 25. b6 a6 26. bxc7 Kxc7 27. c6 bxc6 28. Bxa6 Nd5 29. Nxd5+ Rxd5 30. Bb5 Rd6 31. Rc3 Kd7 32. Bc4 Ra8 33. Ra1 Rd2 34. Rb3 Kc7 35. a5 Rc2 36. Bf1 Rb8 37. Rba3 Kb7 38. Rd1 e5 39. Rb1+ Ka7 40. Rd1 Rc5 41. Rda1 Rb1 42. Rxb1 Bxb1 43. Be2 Bf5 44. Ra2 Rc2 45. Rxc2 Bxc2 46. Bc4 f6 47. Kf2 Ba4 48. Kg3 Bb5 49. Bf7 c5 50. Bxh5 c4 51. Bg6 Ba4 52. Kf2 Ka6 53. Ke2 Kxa5 54. Kd2 Kb4 55. g3 c3+ 56. Kc1 Kc4 57. f4 Kd4 58. fxe5 fxe5 59. Bh5 e4 60. g4 g5 61. Bg6 e3 62. Bf5 e2 0-1